Lest We Forget : (Record no. 341)
[ view plain ]
| 000 -LEADER | |
|---|---|
| fixed length control field | 01337cam a2200373 a 4500 |
| 001 - CONTROL NUMBER | |
| control field | 16285594 |
| 005 - DATE AND TIME OF LATEST TRANSACTION | |
| control field | 20230605115150.0 |
| 008 - FIXED-LENGTH DATA ELEMENTS--GENERAL INFORMATION | |
| fixed length control field | 100616s2009 ke b 000 0 eng |
| 010 ## - LIBRARY OF CONGRESS CONTROL NUMBER | |
| LC control number | 2010305425 |
| 020 ## - INTERNATIONAL STANDARD BOOK NUMBER | |
| Canceled/invalid ISBN | 9789966051902 |
| 035 ## - SYSTEM CONTROL NUMBER | |
| System control number | (OCoLC)ocn651012062 |
| 040 ## - CATALOGING SOURCE | |
| Original cataloging agency | DLC |
| Language of cataloging | eng |
| Transcribing agency | DLC |
| Modifying agency | CGU |
| -- | INU |
| -- | DLC |
| 042 ## - AUTHENTICATION CODE | |
| Authentication code | lcode |
| -- | lccopycat |
| 043 ## - GEOGRAPHIC AREA CODE | |
| Geographic area code | f-ke--- |
| 050 00 - LIBRARY OF CONGRESS CALL NUMBER | |
| Classification number | DT433.586 |
| Item number | .L47 2009 |
| 082 ## - DEWEY DECIMAL CLASSIFICATION NUMBER | |
| Classification number | 324.96762 |
| Item number | NJA |
| 245 00 - TITLE STATEMENT | |
| Title | Lest We Forget : |
| Remainder of title | Insights into the Kenya's Post Election Violence / |
| Statement of responsibility, etc. | [edited by Rita Njau, Michael O'maera, Zacharia Chiliswa]. |
| 260 ## - PUBLICATION, DISTRIBUTION, ETC. (IMPRINT) | |
| Place of publication, distribution, etc. | Nairobi : |
| Name of publisher, distributor, etc. | Jesuit Hakimani Centre, |
| Date of publication, distribution, etc. | c2009. |
| 300 ## - PHYSICAL DESCRIPTION | |
| Extent | 68 p. ; |
| Dimensions | 21 cm. |
| 490 1# - SERIES STATEMENT | |
| Series statement | Hakimani publication series |
| 504 ## - BIBLIOGRAPHY, ETC. NOTE | |
| Bibliography, etc | Includes bibliographical references (p. 68). |
| 610 10 - SUBJECT ADDED ENTRY--CORPORATE NAME | |
| Corporate name or jurisdiction name as entry element | Kenya. |
| Subordinate unit | National Assembly |
| General subdivision | Elections, 2007. |
| 650 #0 - SUBJECT ADDED ENTRY--TOPICAL TERM | |
| Topical term or geographic name as entry element | Political violence |
| Geographic subdivision | Kenya. |
| 650 #0 - SUBJECT ADDED ENTRY--TOPICAL TERM | |
| Topical term or geographic name as entry element | Ethnic conflict |
| Geographic subdivision | Kenya. |
| 651 #0 - SUBJECT ADDED ENTRY--GEOGRAPHIC NAME | |
| Geographic name | Kenya |
| General subdivision | Politics and government |
| Chronological subdivision | 2002- |
| 700 1# - ADDED ENTRY--PERSONAL NAME | |
| Personal name | Njau, Rita. |
| 700 1# - ADDED ENTRY--PERSONAL NAME | |
| Personal name | O'maera, Michael. |
| 700 1# - ADDED ENTRY--PERSONAL NAME | |
| Personal name | Chiliswa, Zacharia. |
| 830 #0 - SERIES ADDED ENTRY--UNIFORM TITLE | |
| Uniform title | Hakimani publication series. |
| 906 ## - LOCAL DATA ELEMENT F, LDF (RLIN) | |
| a | 7 |
| b | cbc |
| c | copycat |
| d | 3 |
| e | ncip |
| f | 20 |
| g | y-gencatlg |
| 942 ## - ADDED ENTRY ELEMENTS (KOHA) | |
| Source of classification or shelving scheme | Dewey Decimal Classification |
| Koha item type | Books |
| Withdrawn status | Lost status | Source of classification or shelving scheme | Damaged status | Not for loan | Home library | Current library | Date acquired | Total Checkouts | Full call number | Barcode | Date last seen | Price effective from | Koha item type |
|---|---|---|---|---|---|---|---|---|---|---|---|---|---|
| Dewey Decimal Classification | Bunge Tower Library | Bunge Tower Library | 06/05/2023 | 324.96762 NJA | 10015371 | 06/05/2023 | 06/05/2023 | Books | |||||
| Dewey Decimal Classification | Bunge Tower Library | Bunge Tower Library | 06/05/2023 | 324.96762 NJA | 10015373 | 06/05/2023 | 06/05/2023 | Books |
